Andinidad etnofolklore / (Record no. 22007)

000 -CABECERA
fixed length control field 01773nam a22002777a 4500
003 - IDENTIFICADOR DEL NÚMERO DE CONTROL
control field AR-CdUCM
008 - DATOS DE LONGITUD FIJA--INFORMACIÓN GENERAL
fixed length control field 190425b ||||| |||| 00| 0 spa d
040 ## - FUENTE DE LA CATALOGACIÓN
Agencia/entidad que catalogó originalmente la obra MUNICIPALIDAD PROVINCIAL DEL CUSCO
Entidad que transcribió la catalogación BIBLIOTECA MUNICIPAL DEL CUSCO
082 ## - NÚMERO DE LA CLASIFICACIÓN DECIMAL DEWEY
No. de Clasificación Andinidad/N°3/2002
110 ## - ENTRADA PRINCIPAL--NOMBRE DE ENTIDAD CORPORATIVA
Nombre de la institución, jurisdicción como entrada principal Instituto Nacional de Cultura Cusco
9 (RLIN) 9277
245 ## - MENCIÓN DE TÍTULO
Título Andinidad etnofolklore /
Mención de responsabilidad Instituto Nacional de Cultura Cusco, Dirección de Producción para el Desarrollo Cultural
260 ## - PUBLICACIÓN, DISTRIBUCIÓN, ETC.
Lugar de publicación, distribución, etc. Cusco.
Nombre de la editorial, distribuidor, etc. Mercantil,
Fecha de publicación, distribución, etc. 2002.
300 ## - DESCRIPCIÓN FÍSICA
Nº de Páginas Extensión 159 páginas. :
Dimensiones 20 cm.
440 ## - MENCIÓN DE SERIE/PUNTO DE ACCESO ADICIONAL--TÍTULO
Título Andinidad Etnofolklore
Número de la parte/sección de una obra N°3, 2002
9 (RLIN) 47133
505 ## - NOTA DE CONTENIDO CON FORMATO
Nota de contenido formateada Contenido: Un Apu aculturado. Jesús Washington Rozas Álvarez. -- Las deidades andinas en las festividades católicas. Señor de Choqekillka de Ollantaytambo. Juan de Dios Yábar Pacheco. -- Una devoción Tres Fiestas. Eldi Zulema Flores Najar. -- El Qákcha de Carnaval en Sicuani. Juan Tuero Villa. -- Rituales ganaderos en Ñawin puqyu. Héctor Espinoza Martínez. -- Iskaychakuy matrimonio en comunidades andinas. Ricardo Valderrama Fernández. -- Docencia y patrimonio un matrimonio perfecto. Luis Massa. -- Juego y educación. Luis Negrón Alonso. -- Gastronomía cusqueña chiriuchu. José Canal Carhuarupay. -- Poblaciones indígenas en Madre de Dios. Rubén Maqque Azorsa. -- Algunas reflexiones sobre el lenguaje. Arminda Gibaja Oviedo.
650 ## - PUNTO DE ACCESO ADICIONAL DE MATERIA--TÉRMINO DE MATERIA
Descriptor Cultura andina
9 (RLIN) 47134
650 ## - PUNTO DE ACCESO ADICIONAL DE MATERIA--TÉRMINO DE MATERIA
Descriptor Folklore
9 (RLIN) 47135
650 ## - PUNTO DE ACCESO ADICIONAL DE MATERIA--TÉRMINO DE MATERIA
Descriptor Costumbres y tradiciones
9 (RLIN) 16130
650 ## - PUNTO DE ACCESO ADICIONAL DE MATERIA--TÉRMINO DE MATERIA
Descriptor Religiosidad andina
9 (RLIN) 44127
700 ## - PUNTO DE ACCESO ADICIONAL--NOMBRE DE PERSONA
Nombre Personal Rozas Álvarez, Washington
9 (RLIN) 47131
700 ## - PUNTO DE ACCESO ADICIONAL--NOMBRE DE PERSONA
Nombre Personal Espinoza Martínez, Héctor
9 (RLIN) 47132
700 ## - PUNTO DE ACCESO ADICIONAL--NOMBRE DE PERSONA
Nombre Personal Tuero Villa, Juan
9 (RLIN) 9559
856 ## - LOCALIZACIÓN Y ACCESO ELECTRÓNICOS
Identificador Uniforme de Recurso (URI) <a href="http://bvirtual.culturacusco.gob.pe/items/show/122">http://bvirtual.culturacusco.gob.pe/items/show/122</a>
Nota pública Leer en digital
942 ## - ELEMENTOS DE PUNTO DE ACCESO ADICIONAL (KOHA)
Fuente de clasificación
Tipo de item Revistas cusqueñas
945 ## - PROCESAMIENTO DE INFORMACIÓN LOCAL (OCLC)
Catalogador rac
Holdings
Estado de retiro (separado) Fuente de clasificación o esquema de estanterías Estado dañado Ubicación Sala donde se ubica Nombre de la colección Fecha de adquisición o compra Costo, precio normal en soles Signatura topográfica Código de Barras Última vez visto (Koha) Tipo de ítem (Koha)
No     Sala Hemeroteca Sala Hemeroteca Book Cart 2022-02-04 10.00 Andinidad/N°3/2002 REVC000534 2022-02-04 Revistas cusqueñas
No     Sala Hemeroteca Sala Hemeroteca Book Cart 2022-02-04 10.00 Andinidad/N°3/2002/e.2 REVC000535 2022-02-04 Revistas cusqueñas

Powered by Koha